[Event "XXVIII Festival Conca della Presolana A"]
[Site "Bratto - Castione della Presolana ITA"]
[Date "2008.08.22"]
[Round "1"]
[White "Gutierrez Castillo, Paloma"]
[Black "Horvath, Csaba"]
[Result "0-1"]
[WhiteElo "2157"]
[BlackElo "2537"]
[PlyCount "74"]
[EventDate "2008.08.22"]

1. e4 c5 2. Nf3 e6 3. d4 cxd4 4. Nxd4 a6 5. Nc3 b5 6. Bd3 Bb7 7. O-O Qc7 8. Re1
Nf6 9. a3 Nc6 10. Nxc6 Qxc6 11. Bg5 Be7 12. Qf3 Qc7 13. Qg3 Qxg3 14. hxg3 h6
15. Bf4 Bc5 16. Be3 Bxe3 17. Rxe3 d6 18. f3 Ke7 19. e5 dxe5 20. Rxe5 Nd7 21.
Ree1 Rhc8 22. Be4 Rab8 23. Re2 Nb6 24. Bxb7 Rxb7 25. Ne4 Rd7 26. b3 Rdc7 27.
Rc1 Nd5 28. b4 Nc3 29. Nxc3 Rxc3 30. Kf2 Rxa3 31. Re3 Ra2 32. Re2 Rc3 33. Ke1
Rb2 34. Kd1 Rxb4 35. Ra1 Rc6 36. Re3 Rd4+ 37. Kc1 Rcd6 0-1

[Event "XXVIII Festival Conca della Presolana A"]
[Site "Bratto - Castione della Presolana ITA"]
[Date "2008.08.22"]
[Round "1"]
[White "Klip, Hans"]
[Black "Castelfranchi, Carlo"]
[Result "1-0"]
[WhiteElo "2390"]
[BlackElo "2088"]
[PlyCount "71"]
[EventDate "2008.08.22"]

1. e4 Nf6 2. e5 Nd5 3. d4 d6 4. c4 Nb6 5. exd6 exd6 6. Nc3 Be7 7. Bd3 Nc6 8.
Nge2 O-O 9. b3 Bg4 10. Be3 d5 11. c5 Nc8 12. O-O Bf6 13. f3 Be6 14. Qd2 N8e7
15. g4 g6 16. Rad1 Qd7 17. Bb1 Bg7 18. Bh6 f5 19. Bxg7 Kxg7 20. g5 f4 21. Nxf4
Bf5 22. Rde1 Rae8 23. Bxf5 Nxf5 24. Ncxd5 Rxe1 25. Rxe1 Ncxd4 26. Qc3 Kg8 27.
Nf6+ Rxf6 28. gxf6 Qc6 29. Qc4+ Kf8 30. f7 Nxf3+ 31. Kf2 Nxe1 32. Ne6+ Qxe6 33.
Qxe6 Nd3+ 34. Kf1 Ne7 35. Qd7 Nxc5 36. Qe8+ 1-0

[Event "XXVIII Festival Conca della Presolana A"]
[Site "Bratto - Castione della Presolana ITA"]
[Date "2008.08.22"]
[Round "1"]
[White "Leburgue, Sylvain"]
[Black "Epishin, Vladimir V."]
[Result "0-1"]
[WhiteElo "2168"]
[BlackElo "2574"]
[PlyCount "62"]
[EventDate "2008.08.22"]

1. e4 c5 2. Nf3 e6 3. d4 cxd4 4. Nxd4 Bc5 5. Nb3 Be7 6. Bd3 Nc6 7. O-O Nf6 8.
Nc3 O-O 9. f4 d6 10. Qf3 Nb4 11. Kh1 Nxd3 12. cxd3 Bd7 13. Be3 b5 14. Ne2 b4
15. Ned4 e5 16. Nf5 Bxf5 17. exf5 Re8 18. Rac1 Qd7 19. g4 Bf8 20. fxe5 dxe5 21.
Nc5 Bxc5 22. Bxc5 Nd5 23. Rc4 a5 24. Re1 h6 25. d4 e4 26. Qg3 e3 27. Rc2 Re4
28. Rce2 Rae8 29. Bd6 Rxd4 30. h3 Rd2 31. Kg1 Qd8 0-1

[Event "XXVIII Festival Conca della Presolana A"]
[Site "Bratto - Castione della Presolana ITA"]
[Date "2008.08.22"]
[Round "1"]
[White "Leon Hoyos, Manuel"]
[Black "Burlando, Alessandro"]
[Result "1-0"]
[WhiteElo "2543"]
[BlackElo "2161"]
[PlyCount "71"]
[EventDate "2008.08.22"]

1. e4 e6 2. d4 d5 3. Nd2 Nf6 4. e5 Nfd7 5. Bd3 c5 6. c3 Nc6 7. Ne2 cxd4 8. cxd4
f6 9. exf6 Nxf6 10. O-O Bd6 11. Nf3 Qc7 12. Bg5 O-O 13. Bh4 Nh5 14. Qc2 h6 15.
Bh7+ Kh8 16. Bg6 Rxf3 17. Bxh5 Rf8 18. Bg3 e5 19. dxe5 Bxe5 20. Rad1 Bf5 21.
Qc5 Be6 22. Rfe1 Bg8 23. b4 Qb6 24. Qxb6 axb6 25. b5 Bxg3 26. hxg3 Nb4 27. Nf4
Bh7 28. Nxd5 Nxd5 29. Rxd5 Rxa2 30. Bf3 Bf5 31. Rxf5 Rxf5 32. Re8+ Kh7 33. Be4
g6 34. Re7+ Kg8 35. Bxf5 gxf5 36. Rxb7 1-0

[Event "XXVIII Festival Conca della Presolana A"]
[Site "Bratto - Castione della Presolana ITA"]
[Date "2008.08.22"]
[Round "1"]
[White "Lucaroni, Massimiliano"]
[Black "Finocchiaro, Gianluca"]
[Result "1-0"]
[WhiteElo "2289"]
[BlackElo "2021"]
[PlyCount "75"]
[EventDate "2008.08.22"]

1. e4 d5 2. exd5 Qxd5 3. Nc3 Qe5+ 4. Nge2 c6 5. d4 Qc7 6. Bf4 Qa5 7. g3 Nf6 8.
Bg2 e6 9. O-O Be7 10. Ne4 Nxe4 11. Bxe4 Nd7 12. c4 Nf6 13. Bg2 O-O 14. Qc2 Qh5
15. h3 e5 16. g4 Qg6 17. Qxg6 hxg6 18. Bxe5 Be6 19. Rac1 Rad8 20. Nf4 Bc8 21.
g5 Nh5 22. Nxh5 gxh5 23. d5 Bxg5 24. Rcd1 cxd5 25. cxd5 Bd7 26. Bc7 Rc8 27. d6
Bc6 28. Bxc6 bxc6 29. Ba5 c5 30. Rd5 Bd8 31. Bc3 Rc6 32. Rfd1 h4 33. d7 f5 34.
Re1 Rh6 35. Re8 Rh8 36. Rxf5 Bf6 37. Rxf8+ Kxf8 38. Rxf6+ 1-0

[Event "XXVIII Festival Conca della Presolana A"]
[Site "Bratto - Castione della Presolana ITA"]
[Date "2008.08.22"]
[Round "1"]
[White "Madiai, Federico"]
[Black "Tjiam, Dharma"]
[Result "0-1"]
[WhiteElo "2066"]
[BlackElo "2372"]
[PlyCount "30"]
[EventDate "2008.08.22"]

1. Nf3 Nf6 2. d4 g6 3. g3 Bg7 4. Bg2 O-O 5. O-O d6 6. c4 c6 7. Nc3 Bf5 8. h3
Ne4 9. Nd2 Nxc3 10. bxc3 Qc7 11. e4 Bc8 12. Nb3 Nd7 13. Be3 b6 14. c5 dxc5 15.
dxc5 Ba6 0-1

[Event "XXVIII Festival Conca della Presolana A"]
[Site "Bratto - Castione della Presolana ITA"]
[Date "2008.08.22"]
[Round "1"]
[White "Manca, Federico"]
[Black "Vinzoni, Andrea"]
[Result "1-0"]
[WhiteElo "2367"]
[BlackElo "2062"]
[PlyCount "53"]
[EventDate "2008.08.22"]

1. e4 e6 2. d4 d5 3. Nc3 Nf6 4. Bg5 dxe4 5. Nxe4 Be7 6. Bxf6 Bxf6 7. Nf3 Nd7 8.
Bd3 b6 9. Qd2 Bb7 10. Qf4 O-O 11. O-O-O Be7 12. h4 Nf6 13. Neg5 Bxf3 14. Nxf3
Bd6 15. Ne5 Qe7 16. g4 c5 17. dxc5 bxc5 18. g5 Bxe5 19. Qxe5 Nd5 20. Bxh7+ Kxh7
21. Rxd5 Qb7 22. Rdd1 Rab8 23. h5 f6 24. g6+ Kh8 25. Qc3 Qb4 26. Qxb4 Rxb4 27.
Rd7 1-0

[Event "XXVIII Festival Conca della Presolana A"]
[Site "Bratto - Castione della Presolana ITA"]
[Date "2008.08.22"]
[Round "1"]
[White "Manfredi, Vincenzo"]
[Black "Marguerettaz, Davy"]
[Result "1/2-1/2"]
[WhiteElo "2204"]
[BlackElo "1987"]
[PlyCount "87"]
[EventDate "2008.08.22"]

1. Nf3 Nf6 2. c4 c6 3. g3 d5 4. cxd5 cxd5 5. Bg2 Nc6 6. O-O e5 7. d3 h6 8. Nc3
Be6 9. Qa4 Qd7 10. e4 d4 11. Nd5 Nxd5 12. exd5 Bxd5 13. Nxe5 Qd6 14. Re1 Be7
15. Bf4 Bxg2 16. Kxg2 Qd5+ 17. Kg1 b5 18. Nxc6 bxa4 19. Nxe7 Qc5 20. Ng6+ Kd7
21. Rac1 Rhe8 22. Ne5+ Rxe5 23. Rxe5 Qb6 24. Rce1 Qxb2 25. Rd5+ Kc6 26. Rd6+
Kb5 27. Re5+ Kb4 28. Rc6 Qb1+ 29. Rc1 Qxd3 30. Rd5 Ka3 31. Re1 Kxa2 32. Rc5 a3
33. Rcc1 Kb3 34. Rcd1 Qc3 35. Rb1+ Ka4 36. Rbc1 Qb4 37. Rb1 a5 38. Rxb4+ axb4
39. Bc1 b3 40. Bxa3 Kxa3 41. Ra1+ Kb4 42. Rxa8 b2 43. Kg2 Kc3 44. Rc8+ 1/2-1/2

[Event "XXVIII Festival Conca della Presolana A"]
[Site "Bratto - Castione della Presolana ITA"]
[Date "2008.08.22"]
[Round "1"]
[White "Martinez, Rolly"]
[Black "Pesce, Gabriele"]
[Result "1/2-1/2"]
[WhiteElo "2441"]
[BlackElo "2102"]
[PlyCount "98"]
[EventDate "2008.08.22"]

1. e4 c5 2. Nf3 Nc6 3. Bb5 g6 4. Bxc6 dxc6 5. d3 Bg7 6. h3 e5 7. Nc3 Be6 8. Be3
Qd6 9. Qe2 Nf6 10. Nd2 Nd7 11. Nc4 Qc7 12. a4 a5 13. g4 b6 14. f3 Bxc4 15. dxc4
Nf8 16. Nd1 Ne6 17. Nf2 h5 18. O-O-O Bh6 19. Bxh6 Rxh6 20. Qe3 Rh8 21. Rd2 Rd8
22. Nd3 Ke7 23. Rf1 Nf4 24. Nxf4 exf4 25. Qc3 Rxd2 26. Qxd2 Rd8 27. Qc3 Qd6 28.
gxh5 gxh5 29. Rg1 f6 30. Kb1 Kf7 31. Qb3 Qd4 32. Rf1 Rb8 33. Kc1 Qd7 34. Rd1
Qxh3 35. e5 Qe6 36. Qd3 Rh8 37. Qb3 Rb8 38. Kb1 fxe5 39. Qd3 Rh8 40. Qb3 h4 41.
Qxb6 h3 42. Qc7+ Kf6 43. Rd6 h2 44. Rxe6+ Kxe6 45. Qxc6+ Kf7 46. Qd7+ Kf6 47.
Qd6+ Kf7 48. Qd7+ Kf6 49. Qd6+ Kf7 1/2-1/2

[Event "XXVIII Festival Conca della Presolana A"]
[Site "Bratto - Castione della Presolana ITA"]
[Date "2008.08.22"]
[Round "1"]
[White "Matamoros Franco, Carlos S."]
[Black "Barlocco, Carlo"]
[Result "1-0"]
[WhiteElo "2508"]
[BlackElo "2150"]
[PlyCount "47"]
[EventDate "2008.08.22"]

1. Nf3 d5 2. c4 c6 3. g3 Nf6 4. Bg2 e6 5. O-O Be7 6. d4 O-O 7. Qc2 Nbd7 8. Nbd2
b6 9. e4 Bb7 10. e5 Ne8 11. cxd5 cxd5 12. Re1 Qc7 13. Qd1 Ba6 14. Nf1 Bxf1 15.
Bxf1 Qb7 16. Bd3 Nc7 17. h4 f5 18. exf6 Bxf6 19. Bf4 Rfe8 20. Qc2 Rac8 21.
Bxh7+ Kh8 22. Bg6 Rf8 23. Qd1 Rfd8 24. Ng5 1-0

[Event "XXVIII Festival Conca della Presolana A"]
[Site "Bratto - Castione della Presolana ITA"]
[Date "2008.08.22"]
[Round "1"]
[White "Mogranzini, Roberto"]
[Black "Cardili, Mariano"]
[Result "1-0"]
[WhiteElo "2423"]
[BlackElo "2100"]
[PlyCount "71"]
[EventDate "2008.08.22"]

1. e4 c6 2. d4 d5 3. e5 Bf5 4. Nf3 e6 5. Be2 c5 6. Be3 Nd7 7. O-O Ne7 8. Nc3
Nc6 9. Nb5 a6 10. Nd6+ Bxd6 11. exd6 cxd4 12. Nxd4 Nxd4 13. Qxd4 Nf6 14. Bf4
Bxc2 15. Rac1 Rc8 16. h4 O-O 17. h5 h6 18. Be5 Rc6 19. b3 Ne8 20. Qd2 Be4 21.
Rxc6 bxc6 22. f3 Bf5 23. Rc1 f6 24. Bg3 Nxd6 25. Rxc6 Nf7 26. Rxa6 Qd7 27. a4
Rc8 28. Bb5 Qb7 29. Qe3 Qe7 30. Ra7 Qc5 31. Qxc5 Rxc5 32. Rc7 Rxc7 33. Bxc7 Bc2
34. b4 e5 35. a5 d4 36. a6 1-0

[Event "XXVIII Festival Conca della Presolana A"]
[Site "Bratto - Castione della Presolana ITA"]
[Date "2008.08.22"]
[Round "1"]
[White "Narayanan, Srinath"]
[Black "Jablon, Stephen"]
[Result "1-0"]
[WhiteElo "2220"]
[BlackElo "1994"]
[PlyCount "101"]
[EventDate "2008.08.22"]

1. e4 Nc6 2. Nf3 Nf6 3. e5 Ng4 4. d4 d6 5. h3 Nh6 6. Nc3 Bf5 7. g4 Bg6 8. d5
Nb4 9. Nd4 a6 10. a3 dxe5 11. axb4 exd4 12. Qxd4 e5 13. Qxe5+ Qe7 14. Qxe7+
Bxe7 15. f4 Bh4+ 16. Kd1 f5 17. g5 Nf7 18. b5 Bh5+ 19. Be2 Bxe2+ 20. Kxe2 O-O
21. bxa6 bxa6 22. Be3 Nd6 23. Ra4 Rfb8 24. b3 Nb5 25. Kd3 Re8 26. Nxb5 axb5 27.
Rxa8 Rxa8 28. Bd4 Rd8 29. c4 bxc4+ 30. Kxc4 Re8 31. Be5 Bxg5 32. Bxc7 Bxf4 33.
Bxf4 Re4+ 34. Kc5 Rxf4 35. d6 Kf7 36. d7 Ke7 37. Kc6 Kd8 38. Ra1 Rd4 39. Ra8+
Ke7 40. Re8+ Kf6 41. d8=Q+ Rxd8 42. Rxd8 g5 43. b4 g4 44. hxg4 fxg4 45. b5 h5
46. b6 g3 47. b7 h4 48. b8=Q g2 49. Qf4+ Ke7 50. Qf8+ Ke6 51. Re8# 1-0

[Event "XXVIII Festival Conca della Presolana A"]
[Site "Bratto - Castione della Presolana ITA"]
[Date "2008.08.22"]
[Round "1"]
[White "Osuna Munoz, Xavier"]
[Black "Scalcione, Michelangelo"]
[Result "1-0"]
[WhiteElo "2093"]
[BlackElo "2398"]
[PlyCount "71"]
[EventDate "2008.08.22"]

1. e4 d6 2. d4 Nf6 3. Nc3 c6 4. f4 Qa5 5. Bd2 e5 6. Nf3 exf4 7. Bd3 Bg4 8. Nd5
Qd8 9. Nxf4 Be7 10. Qe2 Qb6 11. Bc3 Nbd7 12. O-O-O Nh5 13. Nxh5 Bxh5 14. Rhe1
O-O 15. g4 Bxg4 16. Qg2 Bh5 17. Rg1 g6 18. Qh3 Bxf3 19. Qxf3 Qd8 20. e5 Bg5+
21. Kb1 d5 22. Qh3 Nb6 23. b3 a5 24. a4 Qe7 25. Rg2 Kg7 26. Rdg1 h6 27. Bd2
Bxd2 28. Rxd2 Rh8 29. Rdg2 Rag8 30. e6 g5 31. exf7 Rf8 32. Re2 Qxf7 33. Re6
Rfg8 34. Rg6+ Kf8 35. Rf1 Rxg6 36. Bxg6 1-0

[Event "XXVIII Festival Conca della Presolana A"]
[Site "Bratto - Castione della Presolana ITA"]
[Date "2008.08.22"]
[Round "1"]
[White "Parodi, Alessandro"]
[Black "Guido, Flavio"]
[Result "0-1"]
[WhiteElo "2053"]
[BlackElo "2356"]
[PlyCount "92"]
[EventDate "2008.08.22"]

1. d4 Nf6 2. c4 e6 3. Nc3 Bb4 4. Qc2 c5 5. a3 Qa5 6. Nf3 Nc6 7. e3 Bxc3+ 8.
Qxc3 Qxc3+ 9. bxc3 Ne4 10. a4 Nxc3 11. Bb2 cxd4 12. exd4 Ne4 13. Bd3 Nf6 14. d5
Nb4 15. O-O-O Nxd3+ 16. Rxd3 b6 17. a5 Ba6 18. Ra3 O-O 19. dxe6 dxe6 20. Ne5
Rfc8 21. axb6 axb6 22. Bd4 Bxc4 23. Rxa8 Rxa8 24. Nxc4 Ra4 25. Kd2 Rxc4 26.
Bxb6 Nd5 27. Ba7 Ra4 28. Rc1 g5 29. Bc5 Ra2+ 30. Rc2 Rxc2+ 31. Kxc2 Nf4 32. g3
Nh3 33. Kd3 g4 34. Ke3 Ng1 35. Kf4 f5 36. Bd6 h6 37. Bb8 Kf7 38. Bd6 Kf6 39.
Be5+ Kg6 40. Bd6 Nh3+ 41. Ke5 Nxf2 42. Kxe6 Ne4 43. Bf4 Ng5+ 44. Bxg5 Kxg5 45.
Ke5 h5 46. Kd4 f4 0-1

[Event "XXVIII Festival Conca della Presolana A"]
[Site "Bratto - Castione della Presolana ITA"]
[Date "2008.08.22"]
[Round "1"]
[White "Pascucci, Marco"]
[Black "Sbarra, Marco"]
[Result "0-1"]
[WhiteElo "2009"]
[BlackElo "2236"]
[PlyCount "104"]
[EventDate "2008.08.22"]

1. e4 e5 2. Nf3 Nc6 3. Bb5 a6 4. Ba4 Nf6 5. O-O b5 6. Bb3 Bc5 7. Re1 d6 8. h3
O-O 9. c3 h6 10. a4 Bb7 11. d3 Ne7 12. Nbd2 Ng6 13. Nf1 Re8 14. Ng3 d5 15. exd5
Bxd5 16. Bxd5 Qxd5 17. Ne4 Be7 18. Qe2 c5 19. Nxf6+ Bxf6 20. Qe4 Rad8 21. axb5
axb5 22. Qxd5 Rxd5 23. Ra5 Rb8 24. c4 Rxd3 25. cxb5 Bd8 26. Ra3 Rd5 27. Rb3 Ba5
28. Rf1 c4 29. Re3 Rdxb5 30. Re4 Rc8 31. g4 f6 32. Rd1 Rb3 33. Kg2 Rd3 34. Rh1
Kf7 35. h4 Ke6 36. g5 f5 37. Re2 e4 38. h5 Rxf3 39. hxg6 hxg5 40. Bxg5 Bd8 41.
Rh8 Kd7 42. Bxd8 Rxd8 43. Rxd8+ Kxd8 44. Rc2 Ke7 45. Rxc4 Rb3 46. Rc6 Rxb2 47.
Kg3 Rd2 48. Kf4 Rxf2+ 49. Ke5 e3 50. Rc7+ Kd8 51. Rxg7 e2 52. Kd6 e1=Q 0-1

[Event "XXVIII Festival Conca della Presolana A"]
[Site "Bratto - Castione della Presolana ITA"]
[Date "2008.08.22"]
[Round "1"]
[White "Pegoraro, Nicola"]
[Black "Vancini, Edoardo"]
[Result "1-0"]
[WhiteElo "2021"]
[BlackElo "2273"]
[PlyCount "95"]
[EventDate "2008.08.22"]

1. e4 c5 2. Nf3 e6 3. d4 cxd4 4. Nxd4 Nc6 5. Be2 Qc7 6. Nc3 a6 7. Be3 Nf6 8.
O-O Bb4 9. Nxc6 bxc6 10. f4 Bxc3 11. bxc3 Nxe4 12. Bf3 Nd6 13. Rb1 Rb8 14. Rxb8
Qxb8 15. Bc5 Nf5 16. g4 Qb5 17. Bf2 Ne7 18. Qd6 Bb7 19. Rd1 c5 20. Bxc5 Nc8 21.
Qc7 d6 22. Bxb7 O-O 23. Bf2 Qe2 24. Rd3 Qxc2 25. Rg3 Qc1+ 26. Kg2 Qxf4 27. Be3
Qe5 28. Bxc8 Qe4+ 29. Kf2 f5 30. Qxd6 fxg4+ 31. Ke2 Rxc8 32. Qd4 Qc2+ 33. Bd2
h5 34. h3 Qxa2 35. hxg4 h4 36. Rh3 Rf8 37. Rxh4 Qb1 38. Be1 Qb7 39. Qe3 Qb5+
40. Qd3 Qe5+ 41. Kd1 Qb8 42. Kc2 Rd8 43. Qh7+ Kf7 44. Qh5+ Kg8 45. g5 Qd6 46.
Qh7+ Kf7 47. Rd4 Qf8 48. Rf4+ 1-0

[Event "XXVIII Festival Conca della Presolana A"]
[Site "Bratto - Castione della Presolana ITA"]
[Date "2008.08.22"]
[Round "1"]
[White "Podini, Francesco"]
[Black "Lanzani, Mario"]
[Result "0-1"]
[WhiteElo "2051"]
[BlackElo "2349"]
[PlyCount "44"]
[EventDate "2008.08.22"]

1. c4 Nf6 2. Nc3 c5 3. e4 Nc6 4. g3 h5 5. h4 d6 6. Bg2 g6 7. Nge2 Ne5 8. d4
cxd4 9. Nxd4 Bg7 10. O-O Qa5 11. Nd5 Nxc4 12. b4 Qd8 13. Qd3 Nxd5 14. Qxc4 Nb6
15. Qd3 O-O 16. Bg5 Nd7 17. Rac1 Qb6 18. Nf3 Nf6 19. a3 Bd7 20. Rfe1 Ng4 21.
Bxe7 Qxf2+ 22. Kh1 Qxe1+ 0-1

[Event "XXVIII Festival Conca della Presolana A"]
[Site "Bratto - Castione della Presolana ITA"]
[Date "2008.08.22"]
[Round "1"]
[White "Radice, Luca"]
[Black "Vocaturo, Daniele"]
[Result "0-1"]
[WhiteElo "2098"]
[BlackElo "2417"]
[PlyCount "70"]
[EventDate "2008.08.22"]

1. Nf3 Nf6 2. c4 g6 3. Nc3 Bg7 4. g3 O-O 5. Bg2 d6 6. O-O e5 7. d3 Nc6 8. Bd2
h6 9. Rb1 a5 10. a3 Be6 11. b4 axb4 12. axb4 Qd7 13. b5 Ne7 14. c5 Bh3 15. cxd6
cxd6 16. Na4 Bxg2 17. Kxg2 Qe6 18. Nb6 Rad8 19. Bb4 d5 20. Qb3 Rfe8 21. Na4 Nf5
22. e3 e4 23. Nd2 Nd6 24. Bxd6 Qxd6 25. dxe4 dxe4 26. Nc4 Qe6 27. Rfd1 Bf8 28.
Na5 Qf5 29. h3 Nd5 30. Nxb7 Qf3+ 31. Kg1 Nxe3 32. fxe3 Qxg3+ 33. Kh1 Qxh3+ 34.
Kg1 Qg3+ 35. Kh1 Re5 0-1

[Event "XXVIII Festival Conca della Presolana A"]
[Site "Bratto - Castione della Presolana ITA"]
[Date "2008.08.22"]
[Round "1"]
[White "Rombaldoni, Denis"]
[Black "Vignoli, Matteo"]
[Result "1-0"]
[WhiteElo "2418"]
[BlackElo "1992"]
[PlyCount "55"]
[EventDate "2008.08.22"]

1. b3 e5 2. Bb2 Nc6 3. e3 Nf6 4. Bb5 e4 5. Ne2 a6 6. Bxc6 bxc6 7. O-O d5 8. h3
Bd6 9. f3 O-O 10. fxe4 Nxe4 11. d3 Ng5 12. Nf4 Qe7 13. Qe1 Re8 14. h4 Ne6 15.
Nh5 Nf8 16. Bxg7 Qxe3+ 17. Qxe3 Rxe3 18. Bd4 Be5 19. Bxe3 Bxa1 20. c3 Ne6 21.
d4 a5 22. Nf6+ Kg7 23. h5 Ba6 24. h6+ Kg6 25. Rf2 Ng5 26. Nd7 Kxh6 27. Rf6+ Kh5
28. Ne5 1-0

[Event "XXVIII Festival Conca della Presolana A"]
[Site "Bratto - Castione della Presolana ITA"]
[Date "2008.08.22"]
[Round "1"]
[White "Salami, Marco"]
[Black "Korneev, Oleg"]
[Result "0-1"]
[WhiteElo "2186"]
[BlackElo "2631"]
[PlyCount "160"]
[EventDate "2008.08.22"]

1. d4 d5 2. Nc3 Nf6 3. Bg5 Nbd7 4. Qd3 h6 5. Bf4 e6 6. e4 Bb4 7. exd5 Nxd5 8.
Bd2 Nxc3 9. Bxc3 Qe7 10. O-O-O a5 11. Nf3 b6 12. Ne5 Nxe5 13. dxe5 O-O 14. Qe4
Bxc3 15. Qxa8 Qg5+ 16. Kb1 Qg4 17. Qf3 Qxf3 18. gxf3 Bxe5 19. Bd3 g6 20. Be4
Kg7 21. h3 Bd6 22. Bc6 e5 23. c3 h5 24. h4 Bf5+ 25. Kc1 Rb8 26. a4 Kf6 27. Rhg1
Bc5 28. Rd2 Bf8 29. Kd1 Bh6 30. Rd5 Be6 31. Rd3 Bf8 32. Kc2 Bd6 33. Rd2 Rh8 34.
Re2 Bf5+ 35. Be4 Bd7 36. b3 Re8 37. Rd2 Kg7 38. Bd5 Bf5+ 39. Be4 Be6 40. Bc6
Rh8 41. Bd5 Bxd5 42. Rxd5 Kf6 43. Kd3 Kf5 44. Ke3 Ke6 45. Rd3 Rb8 46. Ra1 Be7
47. Rh1 b5 48. axb5 Rxb5 49. c4 Rc5 50. Rc3 Rc6 51. Rc2 Rb6 52. Rc3 Bc5+ 53.
Ke2 a4 54. bxa4 Rb2+ 55. Kd3 Rxf2 56. Rb3 Ra2 57. Rb5 Bd4 58. a5 c6 59. Rb3
Rxa5 60. f4 f6 61. fxe5 fxe5 62. Ke4 Ra2 63. Rg3 Kf6 64. Rf3+ Kg7 65. Rb3 Rg2
66. Rb7+ Kh6 67. Rc7 Rg4+ 68. Kd3 c5 69. Re7 Rf4 70. Re6 Kg7 71. Ra6 e4+ 72.
Ke2 Rf2+ 73. Ke1 e3 74. Ra3 Rc2 75. Kd1 Rxc4 76. Ra7+ Kf6 77. Ra6+ Kf5 78. Rf1+
Ke4 79. Rxg6 Kd3 80. Re6 Ra4 0-1

[Event "XXVIII Festival Conca della Presolana A"]
[Site "Bratto - Castione della Presolana ITA"]
[Date "2008.08.22"]
[Round "1"]
[White "Salmoiraghi, Angelo"]
[Black "Bruno, Fabio"]
[Result "1/2-1/2"]
[WhiteElo "2106"]
[BlackElo "2453"]
[PlyCount "89"]
[EventDate "2008.08.22"]

1. e4 c5 2. Nf3 e6 3. d4 cxd4 4. Nxd4 a6 5. g3 d5 6. Bg2 dxe4 7. O-O e5 8. Nb3
Qxd1 9. Rxd1 f5 10. Nc3 Be6 11. Na5 Nc6 12. Nxb7 Nd4 13. Be3 Rb8 14. Na5 Rxb2
15. Bxd4 exd4 16. Ne2 d3 17. Nd4 dxc2 18. Rdc1 Kf7 19. Nxe6 Kxe6 20. Nc4 Rb8
21. Rxc2 Ne7 22. Rd1 Nc6 23. Ne3 Ne5 24. Bh3 g6 25. g4 fxg4 26. Nxg4 Nxg4 27.
Bxg4+ Ke5 28. Rc6 Bb4 29. Re6+ Kf4 30. h3 Rhd8 31. Rxd8 Rxd8 32. Rxa6 h5 33.
Be2 Rd2 34. Kf1 Rb2 35. Rxg6 Rxa2 36. Bxh5 Bc5 37. Rg4+ Kf5 38. Bg6+ Kf6 39.
Bxe4 Rxf2+ 40. Ke1 Rh2 41. Bg2 Kf5 42. Kf1 Ba7 43. Be4+ Kf6 44. Bg2 Kf5 45.
Be4+ 1/2-1/2

[Event "XXVIII Festival Conca della Presolana A"]
[Site "Bratto - Castione della Presolana ITA"]
[Date "2008.08.22"]
[Round "1"]
[White "Salvador, Roland"]
[Black "Moncelli, Giorgio"]
[Result "1-0"]
[WhiteElo "2443"]
[BlackElo "2105"]
[PlyCount "49"]
[EventDate "2008.08.22"]

1. d4 d5 2. Nf3 Nf6 3. c4 c6 4. e3 e6 5. Qc2 Nbd7 6. Nc3 Bd6 7. g4 Qc7 8. g5
Ng8 9. c5 Be7 10. e4 dxe4 11. Qxe4 Nf8 12. Rg1 Ng6 13. h4 h5 14. gxh6 Nxh6 15.
Rxg6 fxg6 16. Bf4 Qd8 17. Qxg6+ Kf8 18. O-O-O Qe8 19. Qe4 Nf5 20. Bc4 Nxh4 21.
Rh1 Ng6 22. Rxh8+ Nxh8 23. Qh7 Ng6 24. Bd3 Qf7 25. Be3 1-0

[Event "XXVIII Festival Conca della Presolana A"]
[Site "Bratto - Castione della Presolana ITA"]
[Date "2008.08.22"]
[Round "1"]
[White "Shytaj, Luca"]
[Black "Nardelli, Marco"]
[Result "1/2-1/2"]
[WhiteElo "2467"]
[BlackElo "2113"]
[PlyCount "81"]
[EventDate "2008.08.22"]

1. e4 c5 2. Nf3 Nc6 3. Nc3 e6 4. d4 cxd4 5. Nxd4 Qc7 6. Be3 a6 7. Bd3 Nf6 8.
O-O h5 9. h3 b5 10. Nxc6 Qxc6 11. e5 Bb7 12. f3 Nd5 13. Be4 Bc5 14. Bf2 Bxf2+
15. Rxf2 Nxc3 16. Bxc6 Nxd1 17. Bxb7 Ra7 18. Rxd1 Rxb7 19. Rd6 Ra7 20. Rfd2 Ke7
21. Kf2 Rc8 22. Ke3 Rc5 23. f4 f6 24. exf6+ gxf6 25. c3 a5 26. Rb6 b4 27. cxb4
axb4 28. Rxb4 Rxa2 29. Rb7 Rd5 30. Rxd5 exd5 31. Rb6 Ra1 32. b4 Re1+ 33. Kf2
Rc1 34. Rb8 Rc2+ 35. Kf3 Rc3+ 36. Kf2 Rc2+ 37. Kf3 Rc3+ 38. Ke2 Rc2+ 39. Kd3
Rxg2 40. Kd4 Rf2 41. Kxd5 1/2-1/2

[Event "XXVIII Festival Conca della Presolana A"]
[Site "Bratto - Castione della Presolana ITA"]
[Date "2008.08.22"]
[Round "1"]
[White "Stips, Felix"]
[Black "Marholev, Dimitar"]
[Result "1/2-1/2"]
[WhiteElo "2061"]
[BlackElo "2366"]
[PlyCount "58"]
[EventDate "2008.08.22"]

1. Nf3 Nf6 2. c4 g6 3. Nc3 Bg7 4. e4 d6 5. d4 O-O 6. Be2 e5 7. dxe5 dxe5 8.
Qxd8 Rxd8 9. Bg5 Re8 10. Nd5 Nxd5 11. cxd5 c6 12. Bc4 cxd5 13. Bxd5 Na6 14. Rc1
Nb4 15. Bc4 Be6 16. a3 Bxc4 17. Rxc4 Nd3+ 18. Ke2 Nf4+ 19. Bxf4 exf4 20. a4 f5
21. Nd2 Rad8 22. f3 b6 23. b3 Rd7 24. Rhc1 Red8 25. R1c2 fxe4 26. Nxe4 Rd3 27.
Rc8 Re3+ 28. Kf2 Red3 29. Ke2 Re3+ 1/2-1/2

[Event "XXVIII Festival Conca della Presolana A"]
[Site "Bratto - Castione della Presolana ITA"]
[Date "2008.08.22"]
[Round "1"]
[White "Tatai, Stefano"]
[Black "Ricci, Alfredo"]
[Result "1-0"]
[WhiteElo "2372"]
[BlackElo "2069"]
[PlyCount "89"]
[EventDate "2008.08.22"]

1. d4 Nf6 2. c4 g6 3. Nc3 d5 4. Nf3 Bg7 5. Bg5 c6 6. e3 Nbd7 7. cxd5 Nxd5 8.
Qb3 Qb6 9. Nxd5 cxd5 10. Bb5 Qa5+ 11. Nd2 a6 12. Bxd7+ Bxd7 13. Qxb7 Rc8 14. b4
Qb5 15. Qxb5 Bxb5 16. Kd1 e5 17. a4 Bd3 18. Nf3 e4 19. Ne1 Bc4 20. Kd2 Kd7 21.
Rb1 Rb8 22. Bf4 Rb7 23. Rb2 Rc8 24. Nc2 Bf8 25. Rhb1 Bd3 26. b5 axb5 27. axb5
Ra8 28. b6 Ra6 29. Bc7 Bd6 30. Bxd6 Kxd6 31. Nb4 Ra3 32. Nxd3 Rxd3+ 33. Kc2 Ra3
34. Rb5 Ra2+ 35. R1b2 Rxb2+ 36. Rxb2 Kc6 37. f3 f5 38. fxe4 fxe4 39. Kc3 Rxb6
40. Rxb6+ Kxb6 41. Kb4 h6 42. h3 h5 43. h4 Kc6 44. Ka5 Kd6 45. Kb6 1-0

[Event "XXVIII Festival Conca della Presolana A"]
[Site "Bratto - Castione della Presolana ITA"]
[Date "2008.08.22"]
[Round "1"]
[White "Tomba, Ivan"]
[Black "Cereda, Loris"]
[Result "1/2-1/2"]
[WhiteElo "2309"]
[BlackElo "2043"]
[PlyCount "99"]
[EventDate "2008.08.22"]

1. e4 e5 2. Nf3 Nc6 3. d4 exd4 4. Nxd4 Nf6 5. Nxc6 bxc6 6. e5 Qe7 7. Qe2 Nd5 8.
c4 Nb6 9. Nc3 Qe6 10. Qe4 g6 11. f4 Ba6 12. b3 Bb4 13. Bd2 O-O 14. c5 Nd5 15.
Bxa6 Bxc3 16. Bxc3 Nxc3 17. Qf3 Nd5 18. Bc4 d6 19. O-O-O dxe5 20. Rxd5 cxd5 21.
Bxd5 e4 22. Qd1 Qf5 23. Bxa8 Qxf4+ 24. Qd2 Qxd2+ 25. Kxd2 Rxa8 26. Ke3 Rd8 27.
Kxe4 Rd2 28. g4 f6 29. a3 c6 30. h4 Rg2 31. g5 fxg5 32. Ke5 Rd2 33. b4 gxh4 34.
Rxh4 Kg7 35. Ke6 g5 36. Rh1 Kg6 37. Rc1 a6 38. a4 g4 39. b5 axb5 40. axb5 cxb5
41. c6 Rd8 42. c7 Rc8 43. Kd7 Rxc7+ 44. Rxc7 Kf5 45. Kd6 Ke4 46. Rxh7 g3 47.
Re7+ Kf3 48. Rf7+ Ke3 49. Rg7 Kf2 50. Kc5 1/2-1/2